Un traje para jesús : comedia en tres actos /

Guardado en:
Autor Principal: Halley Mora, Mario
Formato: Libro
Publicado: Paraguay : Juvi, 1958
Series:Teatro; No. 2
Materias:
Etiquetas: Agregar Etiqueta
Sin Etiquetas, Sea el primero en etiquetar este registro!
LEADER 00583nam a22002055a 4500
001 CEM.cems003134
005 20100922131409.0
008 130507s1958##################000#0#####d
003 CEMS
082 0 4 |a Pa862.4 
100 1 |a Halley Mora, Mario 
245 1 0 |a Un traje para jesús :  |b comedia en tres actos /  |c Mario Halley Mora 
260 |a Paraguay :  |b Juvi,  |c 1958 
300 |a 54 p. 
490 0 |a Teatro; No. 2 
653 |a Literatura 
653 |a Literatura paraguaya 
653 |a Teatro 
653 |a Teatro paraguayo 
859 |a CEMS  |b BIB. CEMS - 11 de abril  |h Pa862.4  |i H155  |p 11629.74  |t Ej.1